[Event "Campeonato del Mundo sub-18 Femenino"]
[Site "Kemer TUR"]
[Date "2009.11.13"]
[Round "2.2"]
[White "Girya, Olga"]
[Black "Eric, Jovana"]
[Result "0-1"]
[WhiteElo "2340"]
[BlackElo "2163"]
[PlyCount "140"]
[EventDate "2009.11.11"]
[EventType "swiss"]
[EventRounds "11"]
[EventCountry "TUR"]
[Source "lmi"]
[SourceDate "2009.11.11"]

1. d4 d5 2. c4 c6 3. Nc3 Nf6 4. e3 a6 5. Nf3 b5 6. cxd5 cxd5 7. Bd3 Bg4 8. h3
Bh5 9. Bd2 e6 10. Rc1 Bd6 11. a3 O-O 12. O-O Nbd7 13. Na2 Qb6 14. Bb4 Rac8 15.
Be2 Ne4 16. Bxd6 Nxd6 17. Nb4 a5 18. Rxc8 Rxc8 19. Nd3 Qc7 20. Nfe5 Bxe2 21.
Qxe2 Nxe5 22. dxe5 Nc4 23. Rc1 a4 24. Qe1 Qb6 25. Qe2 Rd8 26. Kh1 h6 27. Qg4 d4
28. e4 Qa5 29. Qe2 Rd7 30. Rc2 Qd8 31. Qg4 Rc7 32. Qf4 Na5 33. Rxc7 Qxc7 34.
Qd2 Nb3 35. Qd1 Qc6 36. f3 Qc4 37. Kg1 Nc5 38. Nxc5 Qxc5 39. Kf1 Qxe5 40. Qc2
Qf4 41. Qe2 Qc1+ 42. Kf2 Qc4 43. Qd2 e5 44. g4 Kh7 45. h4 Qc5 46. Kg3 Qd6 47.
Qd3 b4 48. Kf2 Qc5 49. axb4 Qxb4 50. Qc2 d3 51. Qxd3 Qxb2+ 52. Kg3 a3 53. Qd7
Qb3 54. h5 Qe6 55. Qa7 a2 56. Qa4 g6 57. hxg6+ Kxg6 58. Kg2 h5 59. gxh5+ Kxh5
60. Kg3 Qg6+ 61. Kh3 Qf6 62. Qxa2 Qxf3+ 63. Kh2 Kg4 64. Qd5 Qf4+ 65. Kg2 Qf3+
66. Kg1 Kh3 67. Qa2 Qxe4 68. Qb3+ Kg4 69. Qxf7 Qe1+ 70. Kg2 Qg3+ 0-1

[Event "Campeonato del Mundo sub-18 Femenino"]
[Site "Kemer TUR"]
[Date "2009.11.13"]
[Round "2.3"]
[White "Brunello, Marina"]
[Black "Tsatsalashvili, Keti"]
[Result "1/2-1/2"]
[WhiteElo "2158"]
[BlackElo "2288"]
[PlyCount "70"]
[EventDate "2009.11.11"]
[EventType "swiss"]
[EventRounds "11"]
[EventCountry "TUR"]
[Source "lmi"]
[SourceDate "2009.11.11"]

1. e4 c5 2. c3 Nf6 3. e5 Nd5 4. d4 cxd4 5. Nf3 e6 6. cxd4 d6 7. Bc4 Nb6 8. Bb3
dxe5 9. dxe5 Qxd1+ 10. Bxd1 Nc6 11. O-O Be7 12. Nc3 O-O 13. Be2 Rd8 14. Be3 Nd7
15. Nb5 b6 16. Rac1 Bb7 17. Nfd4 Rdc8 18. f4 Nxd4 19. Bxd4 Bc5 20. Bxc5 Rxc5
21. b4 Rxc1 22. Rxc1 Bd5 23. Rc7 Nf8 24. Rxa7 Rc8 25. Nd6 Rc2 26. Bf1 Rc1 27.
a4 f6 28. Re7 fxe5 29. fxe5 g5 30. Kf2 Ng6 31. Re8+ Kg7 32. Rc8 Ra1 33. Rc7+
Kg8 34. Rc8+ Kg7 35. Rc7+ Kg8 1/2-1/2

[Event "Campeonato del Mundo sub-18 Femenino"]
[Site "Kemer TUR"]
[Date "2009.11.13"]
[Round "2.4"]
[White "Bhakti Pradip, Kulkarni"]
[Black "Korchagina, Victoria"]
[Result "0-1"]
[WhiteElo "2263"]
[BlackElo "2150"]
[PlyCount "172"]
[EventDate "2009.11.11"]
[EventType "swiss"]
[EventRounds "11"]
[EventCountry "TUR"]
[Source "lmi"]
[SourceDate "2009.11.11"]

1. d4 Nf6 2. Nf3 g6 3. c4 Bg7 4. Nc3 O-O 5. Bf4 d5 6. Rc1 c5 7. dxc5 dxc4 8.
Qxd8 Rxd8 9. e3 Nbd7 10. Bc7 Re8 11. c6 bxc6 12. Bxc4 Nb6 13. Be2 Nfd5 14. Be5
f6 15. Bg3 e5 16. e4 Bh6 17. Nd2 Nb4 18. a3 Rd8 19. Ncb1 Nd3+ 20. Bxd3 Rxd3 21.
Rc5 Ba6 22. Rc2 Rad8 23. b3 c5 24. f4 Re3+ 25. Kd1 exf4 26. Bf2 Rxb3 27. Kc1 f3
28. gxf3 Nc4 29. Bxc5 Ne5 30. Bxa7 Nd3+ 31. Kd1 Rxb1+ 32. Nxb1 Nb2+ 33. Ke1
Rd1+ 34. Kf2 Nd3+ 35. Kg2 Nf4+ 36. Kg3 Rxh1 37. Nc3 Nh5+ 38. Kg2 Rc1 39. Rxc1
Bxc1 40. a4 Nf4+ 41. Kf2 Bb2 42. Nb1 g5 43. Nd2 Nd3+ 44. Kg2 Nf4+ 45. Kf2 Ne6
46. Nb3 Be5 47. Kg2 h5 48. Na5 Nf4+ 49. Kf2 Nd3+ 50. Kg2 h4 51. Nc6 Bd6 52. Bd4
Kg7 53. Bc3 h3+ 54. Kh1 Bc5 55. Bd4 Bxd4 56. Nxd4 Nb2 57. Ne6+ Kf7 58. Nc5 Be2
59. a5 Bxf3+ 60. Kg1 Nc4 61. a6 Nb6 62. Kf2 Bg2 63. a7 Na8 64. Ke3 Ke7 65. Nd3
Kd6 66. Nf2 Ke5 67. Ng4+ Ke6 68. Nh6 Bh1 69. Kd4 Bf3 70. Ke3 Bh5 71. Kd4 Bg6
72. Ke3 Bh5 73. Kd4 g4 74. Nf5 Bg6 75. Ng3 Kd6 76. Nh1 Nc7 77. Ke3 Ke5 78. Nf2
f5 79. Nd3+ Kf6 80. Kf4 fxe4 81. Nf2 Bf5 82. Nh1 e3 83. Kxe3 Ke5 84. Kf2 Be4
85. Ng3 Bf3 86. Nh5 Nb5 0-1

[Event "Campeonato del Mundo sub-18 Femenino"]
[Site "Kemer TUR"]
[Date "2009.11.13"]
[Round "2.5"]
[White "Dudas, Eszter"]
[Black "Repina, Varvara"]
[Result "0-1"]
[WhiteElo "2147"]
[BlackElo "2258"]
[PlyCount "70"]
[EventDate "2009.11.11"]
[EventType "swiss"]
[EventRounds "11"]
[EventCountry "TUR"]
[Source "lmi"]
[SourceDate "2009.11.11"]

1. e4 c5 2. Nf3 Nc6 3. Nc3 d6 4. Bb5 Bd7 5. Bxc6 Bxc6 6. d4 cxd4 7. Qxd4 Nf6 8.
Bg5 e6 9. O-O-O Be7 10. Rhe1 O-O 11. Qd2 h6 12. Bf4 e5 13. Bg3 b5 14. Kb1 a5
15. Nh4 b4 16. Nd5 Nxd5 17. exd5 Bd7 18. Nf3 Bg4 19. h3 Bh5 20. Bh2 f5 21. Qe3
Qc8 22. Rd2 Bd8 23. Ng1 f4 24. Qe4 Rf6 25. f3 Bb6 26. Qe2 Be3 27. Rd3 Bg6 28.
Qd1 a4 29. Ne2 b3 30. Nc3 bxa2+ 31. Nxa2 Bxd3 32. Qxd3 Qb7 33. Nc3 a3 34. b3
a2+ 35. Kb2 Qb4 0-1

[Event "Campeonato del Mundo sub-18 Femenino"]
[Site "Kemer TUR"]
[Date "2009.11.13"]
[Round "2.6"]
[White "Kulon, Klaudia"]
[Black "Aliaga Fernandez, Ingrid Yadyra"]
[Result "1-0"]
[WhiteElo "2233"]
[BlackElo "2146"]
[PlyCount "49"]
[EventDate "2009.11.11"]
[EventType "swiss"]
[EventRounds "11"]
[EventCountry "TUR"]
[Source "lmi"]
[SourceDate "2009.11.11"]

1. e4 c5 2. Nf3 d6 3. d4 cxd4 4. Nxd4 Nf6 5. Nc3 a6 6. Be2 e6 7. f4 Qc7 8. O-O
Be7 9. Kh1 O-O 10. a4 Nc6 11. Be3 Re8 12. Qe1 Na5 13. Qg3 Nc4 14. e5 Nd5 15.
Nf5 Bf8 16. Bd4 Nxc3 17. Nh6+ Kh8 18. Bxc3 d5 19. Ng4 a5 20. b3 Bb4 21. Qh3 Nd2
22. Bd3 Ne4 23. Nf2 Nxf2+ 24. Rxf2 g6 25. g4 1-0

[Event "Campeonato del Mundo sub-18 Femenino"]
[Site "Kemer TUR"]
[Date "2009.11.13"]
[Round "2.7"]
[White "Uuganbayar, Lkhamsuren"]
[Black "Semenova, Elena"]
[Result "1-0"]
[WhiteElo "2136"]
[BlackElo "2233"]
[PlyCount "68"]
[EventDate "2009.11.11"]
[EventType "swiss"]
[EventRounds "11"]
[EventCountry "TUR"]
[Source "lmi"]
[SourceDate "2009.11.11"]

1. e4 e5 2. Nf3 Nc6 3. Bb5 a6 4. Ba4 Nf6 5. O-O Be7 6. Re1 b5 7. Bb3 d6 8. c3
O-O 9. h3 Na5 10. Bc2 c5 11. d4 Qc7 12. Nbd2 Rd8 13. Nf1 cxd4 14. cxd4 Nc6 15.
d5 Na5 16. a4 Bd7 17. b4 Nc4 18. a5 Rdc8 19. Bd3 Qd8 20. g4 h5 21. g5 Nh7 22.
h4 Bg4 23. N1h2 Qd7 24. Nxg4 Qxg4+ 25. Kh2 Qd7 26. Ra2 Rc7 27. Bf1 Qe8 28. Bh3
g6 29. Ng1 f6 30. gxf6 Bxf6 31. Nf3 Qe7 32. Rg1 Bxh4 33. Rxg6+ Kh8 34. Bh6 Rg8
1-0

[Event "Campeonato del Mundo sub-18 Femenino"]
[Site "Kemer TUR"]
[Date "2009.11.13"]
[Round "2.8"]
[White "Mammadova, Gulnar"]
[Black "Richard, Emma"]
[Result "1-0"]
[WhiteElo "2202"]
[BlackElo "2135"]
[PlyCount "81"]
[EventDate "2009.11.11"]
[EventType "swiss"]
[EventRounds "11"]
[EventCountry "TUR"]
[Source "lmi"]
[SourceDate "2009.11.11"]

1. e4 c5 2. Nc3 Nc6 3. g3 g6 4. Bg2 Bg7 5. d3 e6 6. f4 d6 7. Nge2 Nge7 8. O-O
O-O 9. Be3 b6 10. Qd2 Bb7 11. d4 Na5 12. b3 Rc8 13. Rad1 f5 14. dxc5 dxc5 15.
Qd7 Qxd7 16. Rxd7 Nec6 17. e5 Rfd8 18. Rfd1 Ba6 19. Kf2 Rxd7 20. Rxd7 Rd8 21.
Rc7 Rc8 22. Rxc8+ Bxc8 23. Nb5 Bf8 24. a3 Kf7 25. c3 a6 26. Nc7 Nd8 27. Nc1
Nac6 28. Na8 b5 29. Nb6 Bb7 30. Nd7 c4 31. Nxf8 Kxf8 32. bxc4 bxc4 33. Bb6 a5
34. Ke3 Ke8 35. Bxd8 Kxd8 36. Bxc6 Bxc6 37. Kd4 Kc7 38. Kc5 h6 39. Ne2 g5 40.
Nd4 Bd7 41. Nb5+ 1-0

[Event "Campeonato del Mundo sub-18 Femenino"]
[Site "Kemer TUR"]
[Date "2009.11.13"]
[Round "2.9"]
[White "Pavlidou, Ekaterini"]
[Black "Nakhbayeva, Guliskhan"]
[Result "1-0"]
[WhiteElo "2128"]
[BlackElo "2201"]
[PlyCount "91"]
[EventDate "2009.11.11"]
[EventType "swiss"]
[EventRounds "11"]
[EventCountry "TUR"]
[Source "lmi"]
[SourceDate "2009.11.11"]

1. d4 Nf6 2. c4 e6 3. Nc3 Bb4 4. Qc2 d5 5. a3 Bxc3+ 6. Qxc3 Ne4 7. Qc2 c5 8.
dxc5 Nc6 9. cxd5 exd5 10. e3 Bf5 11. Bd3 Qg5 12. f3 Qh4+ 13. Kf1 Ng3+ 14. hxg3
Bxd3+ 15. Qxd3 Qxh1 16. b4 O-O 17. Bb2 Rad8 18. Kf2 Qh6 19. Ne2 Rfe8 20. g4 f6
21. Ng3 Qg6 22. Nf5 Ne5 23. Qb3 Nc4 24. Bd4 h5 25. Qc2 Qg5 26. Rh1 hxg4 27. f4
g3+ 28. Kf3 Nd2+ 29. Ke2 Qxf4 30. Kxd2 Qf2+ 31. Kc3 Re4 32. Qxf2 gxf2 33. Rf1
Rd7 34. Rxf2 a6 35. a4 Re6 36. b5 Rc7 37. Kb4 axb5 38. axb5 Kf7 39. Ra2 Kg6 40.
Nd6 Rd7 41. Ra7 Ree7 42. Rxb7 Rxb7 43. Nxb7 Rxb7 44. c6 Re7 45. Kc5 Kf7 46. b6
1-0

[Event "Campeonato del Mundo sub-18 Femenino"]
[Site "Kemer TUR"]
[Date "2009.11.13"]
[Round "2.10"]
[White "Pon Namasivayam, Krithikha"]
[Black "Guadamuro Torrente, Anabel"]
[Result "1-0"]
[WhiteElo "2196"]
[BlackElo "2116"]
[PlyCount "97"]
[EventDate "2009.11.11"]
[EventType "swiss"]
[EventRounds "11"]
[EventCountry "TUR"]
[Source "lmi"]
[SourceDate "2009.11.11"]

1. e4 e5 2. Nf3 Nc6 3. Bb5 Nf6 4. O-O Nxe4 5. d4 Nd6 6. Bxc6 dxc6 7. dxe5 Nf5
8. Qe2 Nd4 9. Nxd4 Qxd4 10. Rd1 Qh4 11. Be3 Qg4 12. f3 Qg6 13. c3 Be7 14. Nd2
O-O 15. Ne4 Bf5 16. Nf2 h5 17. Nd3 Bg5 18. Bxg5 Qxg5 19. Nc5 b6 20. Ne4 Qe7 21.
Ng3 Bg6 22. f4 h4 23. Nf1 Qc5+ 24. Qe3 Qe7 25. Qf3 Qc5+ 26. Rd4 a5 27. Ne3 Rae8
28. Rc4 Qb5 29. b3 c5 30. f5 Rxe5 31. fxg6 fxg6 32. Rf4 Rfe8 33. Nc4 Rh5 34.
Rf1 Qd7 35. Rf8+ Rxf8 36. Qxf8+ Kh7 37. h3 Rf5 38. Rxf5 gxf5 39. Ne3 g6 40. Qf6
Qd2 41. Qxh4+ Kg8 42. Qg3 Kf7 43. Qxc7+ Kf6 44. Qxb6+ Kg5 45. Qxc5 Qxa2 46.
Qe7+ Kh6 47. Qf8+ Kg5 48. h4+ Kf4 49. Qd6+ 1-0

[Event "Campeonato del Mundo sub-18 Femenino"]
[Site "Kemer TUR"]
[Date "2009.11.13"]
[Round "2.11"]
[White "Hannes, Diana"]
[Black "Warakomska, Anna"]
[Result "0-1"]
[WhiteElo "2125"]
[BlackElo "2189"]
[PlyCount "92"]
[EventDate "2009.11.11"]
[EventType "swiss"]
[EventRounds "11"]
[EventCountry "TUR"]
[Source "lmi"]
[SourceDate "2009.11.11"]

1. e4 e5 2. Nf3 Nc6 3. Bc4 Bc5 4. c3 Nf6 5. d3 a6 6. Bb3 Ba7 7. Bg5 d6 8. Nbd2
h6 9. Be3 d5 10. Bxa7 Rxa7 11. O-O O-O 12. Re1 dxe4 13. dxe4 Qe7 14. Nc4 Ra8
15. Qe2 Be6 16. Bc2 Qc5 17. Ne3 g6 18. Nd2 Rfd8 19. Bb3 Bxb3 20. axb3 a5 21.
Rad1 Rd7 22. Nd5 Kg7 23. Qf3 Nxd5 24. exd5 Rxd5 25. Ne4 Rxd1 26. Qf6+ Kg8 27.
Rxd1 Qf8 28. f4 exf4 29. Qxf4 f5 30. Nf2 Qg7 31. Qc4+ Kh7 32. Qb5 Rb8 33. Rd5
Qe7 34. g3 Qe6 35. Qd3 Re8 36. Kg2 Re7 37. Qd2 b6 38. c4 Ne5 39. Qc3 c5 40. h3
Nc6 41. Qf3 Nd4 42. Qf4 Nc2 43. Rd6 Qe2 44. h4 Ne3+ 45. Kh2 Qf1 46. Qf3 Ng4+
0-1

[Event "Campeonato del Mundo sub-18 Femenino"]
[Site "Kemer TUR"]
[Date "2009.11.13"]
[Round "2.12"]
[White "Havlikova, Kristyna"]
[Black "Gvilava, Maya"]
[Result "1-0"]
[WhiteElo "2185"]
[BlackElo "2061"]
[PlyCount "55"]
[EventDate "2009.11.11"]
[EventType "swiss"]
[EventRounds "11"]
[EventCountry "TUR"]
[Source "lmi"]
[SourceDate "2009.11.11"]

1. e4 c5 2. Nf3 Nc6 3. d4 cxd4 4. Nxd4 Nf6 5. Nc3 d6 6. f3 e5 7. Nb3 Be7 8. Be3
O-O 9. Qd2 a5 10. Bb5 Na7 11. Be2 Bd7 12. a4 Be6 13. Rd1 Nc8 14. Qd3 Qd7 15.
Qb5 Rd8 16. O-O d5 17. Qxd7 Rxd7 18. exd5 Nxd5 19. Nxd5 Rxd5 20. Rxd5 Bxd5 21.
Nc5 Bd6 22. Rd1 Bc6 23. Bf2 Rb8 24. b3 f6 25. Kf1 Be7 26. Bd3 b5 27. f4 exf4
28. Bd4 1-0

[Event "Campeonato del Mundo sub-18 Femenino"]
[Site "Kemer TUR"]
[Date "2009.11.13"]
[Round "2.13"]
[White "Labedz, Patrycja"]
[Black "Ni, Viktorija"]
[Result "0-1"]
[WhiteElo "2115"]
[BlackElo "2181"]
[PlyCount "116"]
[EventDate "2009.11.11"]
[EventType "swiss"]
[EventRounds "11"]
[EventCountry "TUR"]
[Source "lmi"]
[SourceDate "2009.11.11"]

1. e4 c5 2. Nf3 e6 3. d4 cxd4 4. Nxd4 a6 5. Bd3 Bc5 6. Nb3 Ba7 7. Qe2 d6 8. Be3
Ne7 9. N1d2 Nbc6 10. c3 b5 11. O-O O-O 12. Nd4 e5 13. Nf5 Nxf5 14. exf5 d5 15.
a4 e4 16. Nxe4 dxe4 17. Bxe4 Qe8 18. Qf3 Bb7 19. f6 Qe6 20. axb5 Nd4 21. Bxh7+
Kxh7 22. Qxb7 Rfb8 23. Qxa6 Ne2+ 24. Kh1 Bb6 25. Qxa8 Rxa8 26. Rxa8 Qd5 27.
Raa1 Qxb5 28. Bxb6 Qxb6 29. fxg7 Qxb2 30. c4 Qc3 31. Ra4 Kxg7 32. h3 Qc2 33.
Ra7 Qxc4 34. Re1 Qd4 35. Re7 Nf4 36. R7e3 Nd3 37. Rg3+ Kf8 38. Rf1 Nxf2+ 39.
Kh2 Ne4 40. Rgf3 Qd6+ 41. Kg1 f6 42. Rf4 Qc5+ 43. Kh2 Qe5 44. Kg1 Kg7 45. Rg4+
Kf7 46. Rgf4 Ke7 47. Rg4 Nd2 48. Rd1 Qe3+ 49. Kh2 f5 50. Rg7+ Ke6 51. Rg6+ Kf7
52. Rc6 Nf3+ 53. gxf3 Qf2+ 54. Kh1 Qxf3+ 55. Kh2 Qxd1 56. Rc7+ Kf6 57. Rc8 Qe2+
58. Kg3 f4+ 0-1

[Event "Campeonato del Mundo sub-18 Femenino"]
[Site "Kemer TUR"]
[Date "2009.11.13"]
[Round "2.14"]
[White "Bakhtiyarly, Aysel Anvar Qizi"]
[Black "Ozturk, Kubra"]
[Result "0-1"]
[WhiteElo "2042"]
[BlackElo "2177"]
[PlyCount "50"]
[EventDate "2009.11.11"]
[EventType "swiss"]
[EventRounds "11"]
[EventCountry "TUR"]
[Source "lmi"]
[SourceDate "2009.11.11"]

1. e4 e5 2. Nf3 Nc6 3. Bb5 a6 4. Ba4 Nf6 5. d4 Nxd4 6. Nxe5 Ne6 7. Nc3 Bb4 8.
f3 O-O 9. O-O Bxc3 10. bxc3 d5 11. exd5 Nxd5 12. Bd2 Qd6 13. Nd3 Nc5 14. Bb3
Nxd3 15. cxd3 Nxc3 16. Bxc3 Qc5+ 17. d4 Qxc3 18. Rc1 Qe3+ 19. Kh1 Qf4 20. Re1
Bd7 21. Re7 Rad8 22. Qc2 Bc6 23. Rd1 Rxd4 24. Rxd4 Qxd4 25. Rxc7 Qe5 0-1

[Event "Campeonato del Mundo sub-18 Femenino"]
[Site "Kemer TUR"]
[Date "2009.11.13"]
[Round "2.15"]
[White "Agrest, Inna"]
[Black "Motycakova, Monika"]
[Result "0-1"]
[WhiteElo "2180"]
[BlackElo "2038"]
[PlyCount "92"]
[EventDate "2009.11.11"]
[EventType "swiss"]
[EventRounds "11"]
[EventCountry "TUR"]
[Source "lmi"]
[SourceDate "2009.11.11"]

1. e4 e5 2. Nf3 Nc6 3. Bb5 Nf6 4. O-O Nxe4 5. d4 Nd6 6. dxe5 Nxb5 7. a4 Nbd4 8.
Nxd4 d5 9. Nxc6 bxc6 10. Nd2 Be7 11. Nb3 c5 12. c3 O-O 13. Be3 c4 14. Nd4 Qd7
15. f4 c5 16. Nf3 Qb7 17. Qd2 Bf5 18. Qf2 Qb6 19. a5 Qb5 20. Nh4 Bd3 21. f5
Bxf1 22. f6 Bd3 23. fxe7 Rfe8 24. Re1 Qc6 25. Nf5 Bxf5 26. Qxf5 Qb7 27. Bg5 Qc8
28. Qf3 h6 29. Bf6 Kh7 30. Bh4 Qe6 31. Rf1 g5 32. Bg3 Kg6 33. h4 Rac8 34. h5+
Kg7 35. Rd1 Rxe7 36. Rxd5 Rd7 37. Rd1 Rxd1+ 38. Qxd1 Rc7 39. Qf3 Rd7 40. Qf2
Rd1+ 41. Kh2 Qg4 42. Qf6+ Kg8 43. Qxh6 Rd3 44. Be1 Qf4+ 45. g3 Qxe5 46. Bf2 Rd6
0-1

[Event "Campeonato del Mundo sub-18 Femenino"]
[Site "Kemer TUR"]
[Date "2009.11.13"]
[Round "2.16"]
[White "Ziaziulkina, Nastassia"]
[Black "Ursu, Ana-Maria"]
[Result "1/2-1/2"]
[WhiteElo "2128"]
[BlackElo "1876"]
[PlyCount "86"]
[EventDate "2009.11.11"]
[EventType "swiss"]
[EventRounds "11"]
[EventCountry "TUR"]
[Source "lmi"]
[SourceDate "2009.11.11"]

1. e4 e6 2. Nf3 d5 3. Nc3 Nf6 4. e5 Nfd7 5. d4 c5 6. Ne2 Nc6 7. c3 b5 8. Nf4
Qb6 9. Be2 Be7 10. Be3 b4 11. O-O O-O 12. Bd3 cxd4 13. cxd4 Ba6 14. Qa4 Bxd3
15. Nxd3 Rac8 16. Rac1 Qb7 17. Nd2 Nb6 18. Qd1 Na5 19. Nb3 Nbc4 20. Nbc5 Qb5
21. b3 Nxe3 22. fxe3 Nb7 23. Nxb7 Qxb7 24. Qg4 Rxc1 25. Rxc1 Rc8 26. Rf1 Qc7
27. Nf4 g6 28. Nh5 Qd8 29. Nf6+ Kg7 30. Qh4 Bxf6 31. exf6+ Kg8 32. Qe1 Rc3 33.
Qe2 Qb6 34. Qf2 Qc7 35. Qe1 a5 36. e4 dxe4 37. Qxe4 Qc6 38. Qf4 Rc2 39. Qb8+
Qc8 40. Qb5 Qc6 41. Qb8+ Qc8 42. Qb5 Qc6 43. Qb8+ Qc8 1/2-1/2

[Event "Campeonato del Mundo sub-18 Femenino"]
[Site "Kemer TUR"]
[Date "2009.11.13"]
[Round "2.18"]
[White "Hamza, Amira"]
[Black "Guramishvili, Sopiko"]
[Result "0-1"]
[WhiteElo "1883"]
[BlackElo "2327"]
[PlyCount "78"]
[EventDate "2009.11.11"]
[EventType "swiss"]
[EventRounds "11"]
[EventCountry "TUR"]
[Source "lmi"]
[SourceDate "2009.11.11"]

1. d4 d5 2. Nf3 Nf6 3. c4 e6 4. Bg5 Bb4+ 5. Nc3 h6 6. Bxf6 Qxf6 7. cxd5 exd5 8.
e3 O-O 9. Qb3 Qd6 10. Bd3 c6 11. Rc1 Nd7 12. O-O Nf6 13. Ne5 Ng4 14. Nxg4 Bxg4
15. f3 Bd7 16. Bb1 Ba5 17. Qc2 g6 18. Qf2 Bc7 19. Qh4 Kg7 20. f4 Rae8 21. Rce1
c5 22. f5 Bb6 23. f6+ Kh7 24. g4 Rh8 25. g5 h5 26. Kh1 Bg4 27. e4 dxe4 28. Rxe4
Rxe4 29. Bxe4 cxd4 30. Nd5 Re8 31. Ne7 d3 32. h3 Be2 33. Bxg6+ fxg6 34. Qe4 Qc6
35. Qxc6 bxc6 36. f7 Rf8 37. Rf6 d2 38. Nxg6 d1=Q+ 39. Kg2 Qg1# 0-1

[Event "Campeonato del Mundo sub-18 Femenino"]
[Site "Kemer TUR"]
[Date "2009.11.13"]
[Round "2.19"]
[White "Walallawita, Lihini Ashwini"]
[Black "Deur, Zrinka"]
[Result "0-1"]
[WhiteElo "1797"]
[BlackElo "2089"]
[PlyCount "64"]
[EventDate "2009.11.11"]
[EventType "swiss"]
[EventRounds "11"]
[EventCountry "TUR"]
[Source "lmi"]
[SourceDate "2009.11.11"]

1. e4 c5 2. Nf3 Nc6 3. d4 cxd4 4. Nxd4 Nf6 5. Nc3 e5 6. Ndb5 d6 7. Bg5 a6 8.
Na3 b5 9. Nd5 Be7 10. Bxf6 Bxf6 11. c3 Bg5 12. Nc2 O-O 13. a4 bxa4 14. Rxa4 a5
15. Bb5 Bb7 16. O-O Ne7 17. Nce3 Bxe3 18. fxe3 Bxd5 19. exd5 Qb6 20. Qd3 Ra7
21. Kh1 f5 22. e4 f4 23. Qe2 Ng6 24. c4 Raf7 25. Ra3 Qd4 26. Rh3 f3 27. Rhxf3
Rxf3 28. Rxf3 Rxf3 29. gxf3 Nf4 30. Qc2 Qe3 31. Qd1 Qf2 32. Qg1 Qxf3+ 0-1

[Event "Campeonato del Mundo sub-18 Femenino"]
[Site "Kemer TUR"]
[Date "2009.11.13"]
[Round "2.20"]
[White "Iordanidou, Zoi"]
[Black "Hattingh, Angelique"]
[Result "1-0"]
[WhiteElo "2060"]
[BlackElo "1790"]
[PlyCount "77"]
[EventDate "2009.11.11"]
[EventType "swiss"]
[EventRounds "11"]
[EventCountry "TUR"]
[Source "lmi"]
[SourceDate "2009.11.11"]

1. e4 c5 2. Nc3 Nc6 3. f4 e6 4. Nf3 g6 5. g3 Bg7 6. Bg2 d6 7. O-O Nge7 8. d3
O-O 9. Be3 Nd4 10. Qd2 Rb8 11. Nd1 Nxf3+ 12. Bxf3 Nc6 13. c3 Qb6 14. Bg2 f5 15.
Bf2 Bd7 16. Ne3 Ne7 17. Nc4 Qc7 18. Rfe1 Bc6 19. exf5 exf5 20. Re6 Rbd8 21.
Rae1 Nd5 22. Qe2 b5 23. Na3 Qb7 24. Qf1 a6 25. Nc2 Qc8 26. c4 Nc7 27. Re7 Bxg2
28. Qxg2 Bf6 29. R7e2 Bxb2 30. Ne3 Bg7 31. Nd5 Nxd5 32. Qxd5+ Kh8 33. Re7 b4
34. Rxg7 Kxg7 35. Re7+ Kh6 36. g4 Qa8 37. g5+ Kh5 38. Rxh7+ Kg4 39. Rh4# 1-0

[Event "Campeonato del Mundo sub-18 Femenino"]
[Site "Kemer TUR"]
[Date "2009.11.13"]
[Round "2.21"]
[White "De Oliveira, Ana Paula"]
[Black "Laurusaite, Brigita"]
[Result "0-1"]
[WhiteElo "1786"]
[BlackElo "2057"]
[PlyCount "74"]
[EventDate "2009.11.11"]
[EventType "swiss"]
[EventRounds "11"]
[EventCountry "TUR"]
[Source "lmi"]
[SourceDate "2009.11.11"]

1. Nf3 d5 2. g3 c6 3. Bg2 Bg4 4. d3 Nf6 5. Nbd2 Nbd7 6. O-O e5 7. c4 Bd6 8. Ne1
O-O 9. Nc2 a5 10. Ne3 Be6 11. b3 Nc5 12. Bb2 d4 13. Nc2 Bd7 14. Re1 Bg4 15. Nf3
Ne6 16. a3 Bxf3 17. Bxf3 Ng5 18. h4 Nxf3+ 19. exf3 c5 20. Kg2 Ne8 21. Qd2 f5
22. b4 b6 23. Re2 Nf6 24. Qe1 f4 25. bxc5 bxc5 26. Qd2 fxg3 27. fxg3 Nh5 28.
Bc1 h6 29. Qe1 Qe8 30. Re4 Nf6 31. Re2 Qg6 32. g4 Nxg4 33. Kh3 Ne3 34. Rxe3
dxe3 35. Bxe3 e4 36. fxe4 Bf4 37. Bxf4 Rxf4 0-1

[Event "Campeonato del Mundo sub-18 Femenino"]
[Site "Kemer TUR"]
[Date "2009.11.13"]
[Round "2.22"]
[White "Haug, Marianne Wold"]
[Black "Oliver, Tamzin"]
[Result "1-0"]
[WhiteElo "2005"]
[BlackElo "1777"]
[PlyCount "95"]
[EventDate "2009.11.11"]
[EventType "swiss"]
[EventRounds "11"]
[EventCountry "TUR"]
[Source "lmi"]
[SourceDate "2009.11.11"]

1. e4 c5 2. Nf3 Nc6 3. d4 cxd4 4. Nxd4 Nf6 5. Nc3 e5 6. Ndb5 d6 7. Bg5 a6 8.
Na3 b5 9. Bxf6 gxf6 10. Nd5 f5 11. c3 Bg7 12. exf5 Bxf5 13. Nc2 O-O 14. Nce3
Be4 15. Bd3 Bg6 16. h4 e4 17. Bc2 h6 18. Nf4 Bh7 19. Nh5 Ne5 20. Rh3 Ra7 21.
Qd5 Bg6 22. Nxg7 Kxg7 23. Bxe4 f5 24. f4 Ng4 25. Qd4+ Kh7 26. Qxa7+ Rf7 27.
Qxf7+ Bxf7 28. Bxf5+ Kh8 29. Bxg4 h5 30. Be2 Qf6 31. O-O-O Be8 32. f5 Kg7 33.
Bf3 a5 34. Rg3+ Kh6 35. Bc6 Qe5 36. Bxe8 Qxg3 37. Nd5 Qxh4 38. f6 Qg5+ 39. Rd2
Qf5 40. Bxb5 Qe6 41. Be2 h4 42. Bf3 h3 43. gxh3 Qxh3 44. Be4 Qf1+ 45. Kc2 Qe1
46. Rh2+ Kg5 47. Rg2+ Kh6 48. Rg6+ 1-0

[Event "Campeonato del Mundo sub-18 Femenino"]
[Site "Kemer TUR"]
[Date "2009.11.13"]
[Round "2.23"]
[White "Dimitrova, Aseniya"]
[Black "Jafari, Golnaz"]
[Result "0-1"]
[WhiteElo "1744"]
[BlackElo "1999"]
[PlyCount "60"]
[EventDate "2009.11.11"]
[EventType "swiss"]
[EventRounds "11"]
[EventCountry "TUR"]
[Source "lmi"]
[SourceDate "2009.11.11"]

1. e4 c5 2. Nf3 e6 3. d4 cxd4 4. Nxd4 a6 5. Bd3 Nf6 6. O-O d6 7. Nc3 Be7 8. Qe2
Qc7 9. Kh1 O-O 10. f4 Nbd7 11. Bd2 b5 12. a3 Bb7 13. Rae1 Rfe8 14. Rf3 Bf8 15.
b4 e5 16. Nb3 exf4 17. Na5 Bc8 18. Rxf4 g6 19. Qf2 Bg7 20. Nd5 Nxd5 21. exd5
Rxe1+ 22. Qxe1 Ne5 23. Rh4 Bd7 24. Qf1 Nxd3 25. Qxd3 Bf5 26. Qf1 Qxc2 27. Bh6
Bxh6 28. Rxh6 Qd2 29. Rh4 Re8 30. Nb3 Qc3 0-1

[Event "Campeonato del Mundo sub-18 Femenino"]
[Site "Kemer TUR"]
[Date "2009.11.13"]
[Round "2.24"]
[White "Mnatsakanyan, Diana"]
[Black "Finnbogadottir, Tinna"]
[Result "1-0"]
[WhiteElo "1973"]
[BlackElo "1710"]
[PlyCount "120"]
[EventDate "2009.11.11"]
[EventType "swiss"]
[EventRounds "11"]
[EventCountry "TUR"]
[Source "lmi"]
[SourceDate "2009.11.11"]

1. e4 c5 2. Nf3 g6 3. d4 cxd4 4. Nxd4 Nc6 5. Nc3 Bg7 6. Be3 Nf6 7. f3 O-O 8.
Qd2 d5 9. O-O-O dxe4 10. fxe4 Ng4 11. Nxc6 Qxd2+ 12. Kxd2 bxc6 13. Bc5 Rd8+ 14.
Bd3 e6 15. Ke2 Bd4 16. Bxd4 Rxd4 17. h3 Ne5 18. Ke3 Rb4 19. b3 c5 20. a3 Rbb8
21. Na4 Nxd3 22. Rxd3 c4 23. Rd8+ Kg7 24. bxc4 Ba6 25. Rxb8 Rxb8 26. c5 e5 27.
Rd1 Rb5 28. Rd5 Ra5 29. Nc3 Rxa3 30. Kd2 Ra1 31. c6 Rg1 32. g4 Rg2+ 33. Kc1 Rg3
34. Kb2 Rxh3 35. Nb5 h5 36. g5 Rg3 37. Nd6 Rxg5 38. Ra5 Be2 39. c7 Bg4 40. Nf5+
Rxf5 41. c8=Q Rf4 42. Qb7 h4 43. Qd5 f6 44. Rxa7+ Kh6 45. Qd2 h3 46. Ra3 Kh5
47. Re3 Bf3 48. Qh2 Bg2 49. c4 g5 50. c5 g4 51. c6 Rxe4 52. Rxe4 Bxe4 53. c7
Bb7 54. Qg3 e4 55. Qf4 e3 56. Qxf6 g3 57. Qf5+ Kh4 58. Qf4+ Kh5 59. Qxg3 Bc8
60. Qxe3 Kg4 1-0